ბათუმის შოთა რუსთაველის სახელმწიფო უნივერსიტეტის ბიბლიოთეკა

დემოგრაფიის მოკლე ენციკლოპედიური ლექსიკონი / (ბიბ.ჩანაწერი № 48192)

000 -ლიდერი
ფიქსირებული სიგრძის საკონტროლო ველი 01655nam a2200265Ia 4500
001 - საკონტროლო ნომერი
საკონტროლო ველი 15074
003 - საკონტროლო ნომრის იდენტიფიკატორი
საკონტროლო ველი GE_BSU
005 - ბოლო ოპერაციის თარიღი და დრო
საკონტროლო ველი 20250822183210.0
008 - ფიქსირებული სიგრძის მონაცემთა ელემენტები - ზოგადი ინფორმაცია
ფიქსირებული სიგრძის საკონტროლო ველი 181216s2012||||ge |||||||||||||| ||geo||
040 ## - კატალოგიზაციის წყარო
Transcribing agency GE_BSU
041 ## - ენის კოდი
Language code of text/sound track or separate title geo
080 ## - უნივერსალური ათობითი კლასიფიკაციის ინდექსი
Universal Decimal Classification number 314(038)81’374.26:314=353.1=111=161.1 დ-32
245 ## - ცნობა სათაურის შესახებ
Title დემოგრაფიის მოკლე ენციკლოპედიური ლექსიკონი /
Statement of responsibility, etc UNFRA გაერთიანებული ერების მოსახლეობის ფონდი ; შემდგ.: გიორგი წულაძე ; [სარედ. კოლ.: ა. სულაბერიძე (მთ. რედ.) [და სხვ.].
250 ## - გამოცემის ცნობა
Edition statement მე-3 გამოცემა გადამუშავებული და დამატებული
264 ## - წარმოების, გამოცემის, დისტრიბუციის და სხვა ცნობები
გამოცემის, წარმოების, დისტრიბუციის... ადგილი თბილისი :
გამოცემის, წარმოების, დისტრიბუციის... სახელწოდება შპს ”ვესტა”,
გამოცემის, წარმოების, დისტრიბუციის... თარიღი 2012.
300 ## - ფიზიკური აღწერა
Extent 576 გვ. ;
Dimensions 21 სმ.
653 ## - INDEX TERM--UNCONTROLLED
Uncontrolled term დემოგრაფიის მოკლე ენციკლოპედიური ლექსიკონი
700 ## - ADDED ENTRY--PERSONAL NAME
Personal name წულაძე, გიორგი
Relator term შემდგენელი
9 (RLIN) 4394
700 ## - ADDED ENTRY--PERSONAL NAME
Personal name სულაბერიძე, ა.
Relator term შემდგენელი
9 (RLIN) 4392
700 ## - ADDED ENTRY--PERSONAL NAME
Personal name ვადაჭკორია, ა.
Relator term რედაქტორი
9 (RLIN) 25754
700 ## - ADDED ENTRY--PERSONAL NAME
Personal name ლორთქიფანიძე, გ.
Relator term რედაქტორი
9 (RLIN) 1484
700 ## - ADDED ENTRY--PERSONAL NAME
Personal name მაღლაფერიძე, ნ.
Relator term რედაქტორი
9 (RLIN) 25755
700 ## - ADDED ENTRY--PERSONAL NAME
Personal name წულაძე, ლ.
Relator term რედაქტორი
9 (RLIN) 9844
942 ## - ADDED ENTRY ELEMENTS (KOHA)
Koha item type წიგნი
Source of classification or shelving scheme
ეგზემპლარები
ჩამოწერის სტატუსი დაკარგული ეგზემპლარის სტატუსი კლასიფიკაციის წყარო ან თაროზე გაწყობის სქემა დაზიანების სტატუსი არ გაიცემა მუდმივი მდებარეობა (დაცვის ადგილი) ამჟამინდელი ადგილსამყოფელი თაროზე განთავსების ადგილი შეძენის თარიღი ღირებულება, შესყიდვის ნორმალური ფასი სრული შენახვის შიფრი შტრიხკოდი ბოლო ოპერაციის თარიღი ეგზემპლარის მიმდევრობითი ნომერი (კეტერი?) ფასის ძალაში შესვლის თარიღი ეგზემპლარის სახეობა საჯარო შენიშვნა პერიოდიკის ნუმერაცია / ქრონოლოგია
          ბათუმის შოთა რუსთაველის სახელმწიფო უნივერსიტეტის მთავარი ბიბლიოთეკა ბათუმის შოთა რუსთაველის სახელმწიფო უნივერსიტეტის მთავარი ბიბლიოთეკა წიგნსაცავი 2018-12-17 12.00 314(038)81’374.26:314=353.1=111=161.1 დ-32 38117 2018-12-17 38117 2018-12-17 წიგნი 12.00 ₾.  
          ბათუმის შოთა რუსთაველის სახელმწიფო უნივერსიტეტის მთავარი ბიბლიოთეკა ბათუმის შოთა რუსთაველის სახელმწიფო უნივერსიტეტის მთავარი ბიბლიოთეკა წიგნსაცავი 2025-08-22 12.00 314(038)81’374.26:314=353.1=111=161.1 დ-32 28102 2025-08-22 28102 2025-08-22 წიგნი 12.00 ₾.  
          ბათუმის შოთა რუსთაველის სახელმწიფო უნივერსიტეტის მთავარი ბიბლიოთეკა ბათუმის შოთა რუსთაველის სახელმწიფო უნივერსიტეტის მთავარი ბიბლიოთეკა წიგნსაცავი 2025-08-22 12.00 314(038)81’374.26:314=353.1=111=161.1 დ-32 28103 2025-08-22 28103 2025-08-22 წიგნი 12.00 ₾.  
          ბათუმის შოთა რუსთაველის სახელმწიფო უნივერსიტეტის მთავარი ბიბლიოთეკა ბათუმის შოთა რუსთაველის სახელმწიფო უნივერსიტეტის მთავარი ბიბლიოთეკა წიგნსაცავი 2025-08-22 12.00 314(038)81’374.26:314=353.1=111=161.1 დ-32 28104 2025-08-22 28104 2025-08-22 წიგნი 12.00 ₾.  
          ბათუმის შოთა რუსთაველის სახელმწიფო უნივერსიტეტის მთავარი ბიბლიოთეკა ბათუმის შოთა რუსთაველის სახელმწიფო უნივერსიტეტის მთავარი ბიბლიოთეკა წიგნსაცავი 2025-08-22 12.00 314(038)81’374.26:314=353.1=111=161.1 დ-32 28105 2025-08-22 28105 2025-08-22 წიგნი 12.00 ₾.  
          ბათუმის შოთა რუსთაველის სახელმწიფო უნივერსიტეტის მთავარი ბიბლიოთეკა ბათუმის შოთა რუსთაველის სახელმწიფო უნივერსიტეტის მთავარი ბიბლიოთეკა წიგნსაცავი 2025-08-22 12.00 314(038)81’374.26:314=353.1=111=161.1 დ-32 28106 2025-08-22 28106 2025-08-22 წიგნი 12.00 ₾.  
          ბათუმის შოთა რუსთაველის სახელმწიფო უნივერსიტეტის მთავარი ბიბლიოთეკა ბათუმის შოთა რუსთაველის სახელმწიფო უნივერსიტეტის მთავარი ბიბლიოთეკა წიგნსაცავი 2025-08-22 12.00 314(038)81’374.26:314=353.1=111=161.1 დ-32 28107 2025-08-22 28107 2025-08-22 წიგნი 12.00 ₾.  
          ბათუმის შოთა რუსთაველის სახელმწიფო უნივერსიტეტის მთავარი ბიბლიოთეკა ბათუმის შოთა რუსთაველის სახელმწიფო უნივერსიტეტის მთავარი ბიბლიოთეკა წიგნსაცავი 2025-08-22   314(038)81’374.26:314=353.1=111=161.1 დ-32 28108 2025-08-22 28108 2025-08-22 წიგნი 12.00 ₾. 12.00 ₾.
          ბათუმის შოთა რუსთაველის სახელმწიფო უნივერსიტეტის მთავარი ბიბლიოთეკა ბათუმის შოთა რუსთაველის სახელმწიფო უნივერსიტეტის მთავარი ბიბლიოთეკა წიგნსაცავი 2025-08-22 12.00 314(038)81’374.26:314=353.1=111=161.1 დ-32 28109 2025-08-22 28109 2025-08-22 წიგნი 12.00 ₾.  
          ბათუმის შოთა რუსთაველის სახელმწიფო უნივერსიტეტის მთავარი ბიბლიოთეკა ბათუმის შოთა რუსთაველის სახელმწიფო უნივერსიტეტის მთავარი ბიბლიოთეკა წიგნსაცავი 2025-08-22 12.00 314(038)81’374.26:314=353.1=111=161.1 დ-32 28110 2025-08-22 28110 2025-08-22 წიგნი 12.00 ₾.  
          ბათუმის შოთა რუსთაველის სახელმწიფო უნივერსიტეტის მთავარი ბიბლიოთეკა ბათუმის შოთა რუსთაველის სახელმწიფო უნივერსიტეტის მთავარი ბიბლიოთეკა წიგნსაცავი 2025-08-22 12.00 314(038)81’374.26:314=353.1=111=161.1 დ-32 28111 2025-08-22 28111 2025-08-22 წიგნი 12.00 ₾.